000 00213nam a22000977a 4500
082 _a823
_bKOL/D
100 _aKOLLE,JACKIE FRENCH
245 _aDRAGON TROUBLE
246 _aDRAGON TROUBLE
_bDRAGON TROUBLE
942 _cBK
999 _c8314
_d8314